A treatise on the law of oil and gas /

Bibliographic Details
Main Author: Summers, W. L. (Walter Lee), 1888-
Format: Book
Language:English
Published: Kansas City, Mo. : Vernon Law Book Co., 1927.
Subjects:

MARC

Tag First Indicator Second Indicator Subfields
LEADER 00000cam a2200000 4500
001 in00000052298
005 20151007070054.0
008 790911s1927 mou b 00010 eng d
010 |a  27018749  
035 |a (OCoLC)05360523 
035 |9 AAE3280AM 
040 |a OKD  |c OKD  |d TXA  |d UtOrBLW 
049 |a TXAM  |c [72266] 
090 |a KF1849  |b .S86 
092 |a 553.28034  |b S955t 
100 1 |a Summers, W. L.  |q (Walter Lee),  |d 1888- 
245 1 2 |a A treatise on the law of oil and gas /  |c by Walter L. Summers. 
264 1 |a Kansas City, Mo. :  |b Vernon Law Book Co.,  |c 1927. 
300 |a xviii, 863 pages ;  |c 26 cm. 
336 |a text  |b txt  |2 rdacontent 
337 |a unmediated  |b n  |2 rdamedia 
338 |a volume  |b nc  |2 rdacarrier 
500 |a "Table of cases cited": pages 801-834. 
650 0 |a Petroleum industry and trade  |z United States. 
650 0 |a Natural gas  |z United States. 
650 0 |a Petroleum law and legislation. 
650 0 |a Natural gas  |x Law and legislation. 
650 0 |a Leases. 
650 0 |a Forms (Law)  |z United States. 
999 |a MARS 
999 f f |s 223febcd-2382-3ea4-8dd1-3a8c75a161de  |i 6a091253-2d68-33fd-9e31-a512da80c0e6  |t 0 
952 f f |p ric  |a Texas A&M University  |b Rellis Campus  |c Joint Library Facility  |d Remote Storage  |t 0  |e KF1849 .S86  |h Library of Congress classification  |i unmediated -- volume  |m A14800958721 
998 f f |a KF1849 .S86  |t 0  |l Remote Storage